Central Library OPAC University of Rajshahi

Our primitive contemporaries / (Record no. 11165)

MARC details
000 -LEADER
fixed length control field 00815cam a22002651 4500
001 - CONTROL NUMBER
control field 11165
003 - CONTROL NUMBER IDENTIFIER
rucl marc code BD-RjUL
005 - DATE AND TIME OF LATEST TRANSACTION
control field 20211208235100.0
008 - FIXED-LENGTH DATA ELEMENTS--GENERAL INFORMATION
fixed length control field 140125s1934 nyuaf b 001 0 eng
035 ## - SYSTEM CONTROL NUMBER
System control number (BD-RjUL)11214
System control number (OCoLC)479092
040 ## - CATALOGING SOURCE
Original cataloging agency DLC
Transcribing agency OCanM
Modifying agency OCoLC
-- NcRS
-- FrLiUCG
-- IRoRVC
-- DLC
-- BD-RjUL
Language of cataloging eng
041 ## - LANGUAGE CODE
Language code of text/sound track or separate title eng
082 ## - DEWEY DECIMAL CLASSIFICATION NUMBER
Classification number 572.7
Author mark and year MUR
100 1# - MAIN ENTRY--PERSONAL NAME
Personal name Murdock, George Peter,
Dates associated with a name 1897-
9 (RLIN) 34540
245 10 - TITLE STATEMENT
Title Our primitive contemporaries /
Statement of responsibility, etc. by George Peter Murdock.
260 ## - PUBLICATION, DISTRIBUTION, ETC. (IMPRINT)
Place of publication, distribution, etc. New York :
Name of publisher, distributor, etc. The Macmillan Company,
Date of publication, distribution, etc. 1934.
300 ## - PHYSICAL DESCRIPTION
Pagination xxii, 614 p. :
Illustrations illus., col pl. ;
Size 21 cm.
500 ## - GENERAL NOTE
General note Maps on lining-papers.
504 ## - BIBLIOGRAPHY, ETC. NOTE
Bibliography, etc Bibliography at end of each chapter.
650 #0 - SUBJECT ADDED ENTRY--TOPICAL TERM
Topical term or geographic name as entry element Primitive societies.
9 (RLIN) 34457
942 ## - ADDED ENTRY ELEMENTS (KOHA)
Source of classification or shelving scheme Dewey Decimal Classification
Koha item type Books
Holdings
Lost status Source of classification or shelving scheme Damaged status Not for loan Collection code Permanent Location Current Location Shelving location Date acquired Source of acquisition Cost, normal purchase price Total Checkouts Full call number Date last seen Copy number Koha item type
  Dewey Decimal Classification     Non-fiction Central Library, University of Rajshahi Central Library, University of Rajshahi   04/01/1966 Euro Pak 42.00   572.7 MUR 1934 26/01/2014 C-3 Books
  Dewey Decimal Classification     Non-fiction Central Library, University of Rajshahi Central Library, University of Rajshahi   24/09/1965 Zeitlinger 55.00   572.7 MUR 1964 20/05/2017 C-2 Books
  Dewey Decimal Classification   Not For Loan Non-fiction Central Library, University of Rajshahi Central Library, University of Rajshahi   24/09/1965 Zeitlinger 55.00   572.7 MUR 1964 20/05/2017 C-1 Books